| 000 | 00480cam a2200193 4500 | ||
|---|---|---|---|
| 001 | D13582 | ||
| 008 | 090401t1946 xxu||||| |||| 00| 0 eng d | ||
| 035 | _a(Sirsi) u10529 | ||
| 041 | _aeng | ||
| 100 | _aParry, R. | ||
| 245 | 3 | _aAn elementary textbook on land surveying | |
| 250 | _a5th | ||
| 260 |
_bEstates Gazette _c1946 |
||
| 350 | _a0 | ||
| 520 | _aReference copy in the basement - marked with notes. | ||
| 700 | _aJenkins, W.R. | ||
| 942 | _n0 | ||
| 948 | _c04/03/1997 | ||
| 999 |
_c86755 _d86755 |
||